| 000 | 00629pam a2200193 a 4500 | ||
|---|---|---|---|
| 001 | 3434276 | ||
| 005 | 20240122005842.0 | ||
| 008 | 911114s1992 enk b 001 0 eng | ||
| 020 | _a0415103886 | ||
| 040 |
_aDLC _cDLC _dDLC |
||
| 082 | 0 | 0 |
_a305.8/00941 _220 _bFL0. |
| 100 | 1 |
_aAnthias Floya. _aDavis- yuval Nira. |
|
| 245 | 1 | 0 |
_aRacialized boundaries : _brace, nation, gender, colour, and class and the anti-racist struggle / _cFloya Anthias and Nira Yuval-Davis, in association with Harriet Cain. |
| 250 | _a1st. | ||
| 260 |
_aLondon ; _aNew York : _bRoutledge, _c1992. |
||
| 300 | _aix, 226 p. ; | ||
| 650 | 0 | _aRacism | |
| 942 | _cL | ||
| 999 |
_c187 _d187 |
||